University Home | Library Home | Institutional Repository

Cancer : (Record no. 59639)

MARC details
000 -LEADER
fixed length control field 00503cam9a220018100 4500
001 - CONTROL NUMBER
control field tmp16044026
003 - CONTROL NUMBER IDENTIFIER
control field UPRA
005 - DATE AND TIME OF LATEST TRANSACTION
control field 20190815094438.0
008 - FIXED-LENGTH DATA ELEMENTS--GENERAL INFORMATION
fixed length control field 951129s1990 sa eng u
035 ## - SYSTEM CONTROL NUMBER
System control number (Sirsi) r75480
035 ## - SYSTEM CONTROL NUMBER
System control number (UPRA)tmp16044026
040 ## - CATALOGING SOURCE
Transcribing agency UPRA
100 1# - MAIN ENTRY--PERSONAL NAME
Personal name Werner, I. D.
Linkage A35885.1
245 10 - TITLE STATEMENT
Title Cancer :
Remainder of title a historic overview /
Statement of responsibility, etc. I.D. Werner.
260 ## - PUBLICATION, DISTRIBUTION, ETC.
Place of publication, distribution, etc. Capetown :
Name of publisher, distributor, etc. University of Capetown,
Date of publication, distribution, etc. 1990.
949 ## - LOCAL PROCESSING INFORMATION (OCLC)
a (O8)UC.N.SER/159
w lcc
m MAIN
t BOOK
l ON-SHELF

No items available.

© 2026 - The University of Zambia Library - Koha v25.11